000 00614nam a2200121Ia 4500
008 220615s9999||||xx |||||||||||||| ||und||
245 0 _aDisabled People, Work and Welfare
_bIs Employment Really the Answer?
546 _aEnglish[eng]
650 _aPolitical Science||Public Policy||Social Services & Welfare
700 _aGrover, Chris||Piggott, Linda
856 _uhttps://library.oapen.org/bitstream/20.500.12657/53449/1/external_content.pdf||https://library.oapen.org/bitstream/20.500.12657/53449/1/external_content.pdf||https://library.oapen.org/bitstream/20.500.12657/53449/1/external_content.pdf
942 _cEB
999 _c14969
_d14969